|
|
|
|
| LEADER |
01028nam a2200241 a 4500 |
| 001 |
3593099 |
| 008 |
090908s1968 nyua b 000 0 eng d |
| 010 |
|
|
|a 68012180
|
| 020 |
|
|
|a 0748764224
|
| 040 |
|
|
|a DLC
|c DLC
|d ICU
|d DLC
|
| 082 |
0 |
0 |
|a 530.11
|2 17
|
| 100 |
1 |
|
|a French, A. P.
|q (Anthony Philip),
|d 1920-
|
| 245 |
1 |
0 |
|a Special relativity
|c [by] A. P. French.
|
| 260 |
|
|
|a New York,
|b Norton
|c 1968
|
| 300 |
|
|
|a x, 286 p.
|b illus.
|c 24 cm.
|
| 490 |
0 |
|
|a The M.I.T. introductory physics series
|
| 504 |
|
|
|a Includes bibliography: [p. 273-275] and index.
|
| 541 |
1 |
|
|e 00019237
|
| 650 |
|
0 |
|a Special relativity (Physics)
|
| 852 |
4 |
|
|a Ayesha Abed Library
|j General Shelf.
|
| 999 |
|
|
|c 3911
|d 3911
|
| 952 |
|
|
|0 0
|1 0
|2 ddc
|4 0
|6 530_110000000000000_FRE_1968
|7 0
|9 3552
|a BRACUL
|b BRACUL
|c GEN
|d 2009-09-15
|l 5
|m 52
|o 530.11 FRE
|p 3010019237
|r 2025-11-19
|s 2025-08-03
|t 1
|w 2009-09-15
|y BK
|
| 952 |
|
|
|0 0
|1 0
|2 ddc
|4 0
|6 530_110000000000000_FRE_1968
|7 0
|9 8650
|a BRACUL
|b BRACUL
|c GEN
|d 2010-03-18
|l 6
|m 30
|o 530.11 FRE
|p 3010019238
|r 2024-06-30
|s 2024-06-23
|t 2
|w 2010-03-18
|y BK
|